| 000 | 00577nam a22001577a 4500 | ||
|---|---|---|---|
| 999 |
_c15488 _d15488 |
||
| 003 | OSt | ||
| 008 | 180925b ||||| |||| 00| 0 eng d | ||
| 082 |
_a631.56 _bFAT/DE |
||
| 100 |
_aFathima K.S _aKeerthana E _aMisha M.R _aShimi W.U _93826 |
||
| 245 | _aDevelopment of a user friendly tool for pulp/seed seperation from toddy palm fruit | ||
| 260 |
_aTnavanur _bDepartment of food and agriculture process engineering _c2018 |
||
| 300 |
_a46 _eCD |
||
| 700 |
_aSanthi M ary Mathew _93227 |
||
| 856 | _uhttps://drive.google.com/open?id=1szC-H26u10RgctDKj5ifpovbQnz0c0Hu | ||
| 942 | _cPR | ||